000 00284nam a2200121Ia 4500
005 20251222155112.0
008 251222s9999||||xx |||||||||||||| ||spa||
082 _aEST. 10
100 _aINEI,
245 0 _aEstadísticas Vitales - Lima Metropolitana
264 _bINEI
942 _cLIB
999 _c38108
_d38108